<?xml version="1.0" encoding="UTF-8"?>
<record
    xmlns:xsi="http://www.w3.org/2001/XMLSchema-instance"
    xsi:schemaLocation="http://www.loc.gov/MARC21/slim http://www.loc.gov/standards/marcxml/schema/MARC21slim.xsd"
    xmlns="http://www.loc.gov/MARC21/slim">

  <leader>00714cam a22002291  4500</leader>
  <controlfield tag="001">ne 67000399 </controlfield>
  <controlfield tag="003">DLC</controlfield>
  <controlfield tag="005">20260227111830.0</controlfield>
  <controlfield tag="008">900608m19631964iq b     b    000 0 arar </controlfield>
  <datafield tag="010" ind1=" " ind2=" ">
    <subfield code="a">ne 67000399 </subfield>
  </datafield>
  <datafield tag="035" ind1=" " ind2=" ">
    <subfield code="a">(OCoLC)21743926</subfield>
  </datafield>
  <datafield tag="040" ind1=" " ind2=" ">
    <subfield code="a">DLC</subfield>
    <subfield code="c">WaU</subfield>
    <subfield code="d">WaU</subfield>
    <subfield code="d">DLC</subfield>
  </datafield>
  <datafield tag="042" ind1=" " ind2=" ">
    <subfield code="a">premarc</subfield>
  </datafield>
  <datafield tag="043" ind1=" " ind2=" ">
    <subfield code="a">a-iq---</subfield>
  </datafield>
  <datafield tag="050" ind1="0" ind2="0">
    <subfield code="a">HG1555</subfield>
    <subfield code="b">.J3</subfield>
  </datafield>
  <datafield tag="100" ind1="1" ind2=" ">
    <subfield code="a">J&#x101;sim, Mu&#x1E25;ammad &#x2BB;Al&#x12B; Ri&#x1E0D;&#x101;.</subfield>
  </datafield>
  <datafield tag="245" ind1="1" ind2="3">
    <subfield code="a">al-I&#x2BC;tim&#x101;m wa-al-&#x1E63;ayrafah f&#x12B; al-&#x2BB;Ir&#x101;q al-qad&#x12B;m</subfield>
    <subfield code="c">[ta&#x2BC;l&#x12B;f] Mu&#x1E25;ammad &#x2BB;Al&#x12B; Ri&#x1E0D;&#x101; al-J&#x101;sim.</subfield>
  </datafield>
  <datafield tag="260" ind1=" " ind2=" ">
    <subfield code="a">Baghd&#x101;d,</subfield>
    <subfield code="b">Mat&#x304;&#x101;bi D&#x101;r al-Ta&#x1E0D;&#x101;mun,</subfield>
    <subfield code="c">1963-64.</subfield>
  </datafield>
  <datafield tag="300" ind1=" " ind2=" ">
    <subfield code="a">125 p.</subfield>
    <subfield code="b">fold. map.</subfield>
    <subfield code="c">22 cm.</subfield>
  </datafield>
  <datafield tag="504" ind1=" " ind2=" ">
    <subfield code="a">Bibliography: p. 123-125.</subfield>
  </datafield>
  <datafield tag="650" ind1=" " ind2="0">
    <subfield code="a">Banks and banking</subfield>
    <subfield code="z">Iraq.</subfield>
  </datafield>
  <datafield tag="999" ind1=" " ind2=" ">
    <subfield code="c">49423</subfield>
    <subfield code="d">49423</subfield>
  </datafield>
</record>
